000 00543nam a2200193Ia 4500
008 101110s9999 xx 000 0 und d
041 _aENGLISH
082 _bSR13337
100 _aChakraborty Hrishikesh
245 _aAdvanced Accountancy (throughly rev. & enlarged ed.)
365 _b32
520 _aCommerce
546 _aENGLISH
630 _aAdvanced Accountancy (throughly rev. & enlarged ed.)
650 _aCommerce
655 _aCommerce
730 _aAdvanced Accountancy (throughly rev. & enlarged ed.)
942 _cBOOK
999 _c807568
_d807565